Normal view
MARC view
- Andrew, Euan T.
Entry Personal Name
001 - CONTROL NUMBER
- control field: 54696
003 - CONTROL NUMBER IDENTIFIER
- control field: OSt
005 - DATE AND TIME OF LATEST TRANSACTION
- control field: 20240314133108.0
008 - FIXED-LENGTH DATA ELEMENTS
- fixed length control field: 240314|| aca||aabn | a|a d
040 ## - CATALOGING SOURCE
- Original cataloging agency: OSt
- Transcribing agency: OSt
100 ## - HEADING--PERSONAL NAME
- Personal name: Andrew, Euan T.
- Relator term: author.
670 ## - SOURCE DATA FOUND
- Source citation: Work cat.: (OSt): Andrew, Euan T. author., A new model predictive current controller for grid-connected converters in unbalanced grids / , August 2022.
